Responsabilidade de Prefeitos e Vereadores 6.® ediȯ̂ revista, atualizada e ampliada /

Detalles Bibliográficos
Autor principal: Costa, Tito
Formato: eBook
Lenguaje:portugués
Publicado: San Pablo: Letras Jurídicas Editora, 2015
Edición:Sexta edicin̤
Materias:
Acceso en línea:Acceso restringido

MARC

LEADER 00000nam a22000007a 4500
005 20210107223330.0
007 cr|||| ||||
008 210107s2015 br |||||s|||| 00||0 por d
020 |a 978-85-8248-083-0 
035 |a 32510 
040 |a vLex 
090 |c 11063  |d 11063 
100 1 |a Costa, Tito 
245 1 0 |a Responsabilidade de Prefeitos e Vereadores  |h [Recurso electrn̤ico] :  |b 6.® ediȯ̂ revista, atualizada e ampliada /  |c Tito Costa 
250 |a Sexta edicin̤ 
256 |a Servicio en ln̕ea 
260 |a San Pablo:  |b Letras Jurídicas Editora,  |c 2015 
300 |a 1 recurso electrn̤ico 
500 |a Este ̌um livro pioneiro em sua r̀ea. Surgiu em 1968 a primeira ediȯ̂ quando ainda era escassa a literatura sobre Direito Eleitoral. 
506 1 |a Disponible solo en los productos indicados  |d vLex Global  |d vLex Global (Academic Edition, excluding Law Schools)  |d vLex Global (U.S. Academic Edition, Law Schools)  |d vLex Global (U.S. Academic Edition, excluding Law Schools)  |d vLex Global (Academic Edition, Law Schools) 
650 0 4 |a Rǧimen Electoral  |z Brasil 
740 0 |a vLex Libros (Servicio en ln̕ea) 
856 4 0 |u http://vlex.com/source/responsabilidade-de-prefeitos-e-vereadores-6-edi-o-revista-atualizada-e-ampliada-32510  |z Acceso restringido 
942 |c BOOK 
999 0 |a Electoral Regime